| 000 | 01138nam a2200325 a 4500 | ||
|---|---|---|---|
| 001 | 000043536 | ||
| 003 | DO-SdBNP | ||
| 005 | 20260428073714.0 | ||
| 008 | 140324s2011 dr r 000 p spa d | ||
| 020 | _a9789945412475 | ||
| 040 |
_aDO-SdBNP _bspa _cBNPHU |
||
| 082 |
_aRD861.44 _bP925p, 2010 |
||
| 111 | 2 |
_aPremios Funglode Poesía _d(2010 : _cSanto Domingo ) _971312 |
|
| 245 | 1 | 0 | _aPremio de poesía Pedro Mir. |
| 260 |
_aSanto Domingo : _bFUNGLODE, _c2011. |
||
| 300 |
_a85 p. ; _c26 cm. |
||
| 490 | 1 |
_aPremios Funglode/GFDD 2010 _apoesía _v5 |
|
| 505 | 0 |
_gPremio único -- _tLo terrible adentro / _rAdrián Javier Angulo -- |
|
| 586 | _aPremios Funglode 2010 | ||
| 590 | _aInventariado, 2018/BT | ||
| 650 | 0 |
_aPoesía dominicana _966 |
|
| 650 | 0 |
_aLiteratura dominicana. _967 |
|
| 650 | 4 |
_aCertámenes literarios _91541 |
|
| 650 | 0 |
_aPremios literarios _91542 |
|
| 700 | 1 | 2 |
_aAngulo, Adrián Javier _cLo terrible adentro _971313 |
| 710 | 2 | 2 |
_aFundación Global Democracía y Desarrollo _925477 |
| 830 | 0 |
_aPremios Funglode/GFDD 2010 poesía _n5 _971314 |
|
| 910 | _aValidado. Control de calidad. MFF | ||
| 942 |
_2ddc _cLBS1 |
||
| 999 |
_c43025 _d43025 |
||